<?xml version="1.0" encoding="UTF-8"?><?xml-stylesheet type="text/xsl" href="static/style.xsl"?><OAI-PMH xmlns="http://www.openarchives.org/OAI/2.0/" xmlns:xsi="http://www.w3.org/2001/XMLSchema-instance" xsi:schemaLocation="http://www.openarchives.org/OAI/2.0/ http://www.openarchives.org/OAI/2.0/OAI-PMH.xsd"><responseDate>2026-04-18T07:12:32Z</responseDate><request verb="GetRecord" identifier="oai:www.recercat.cat:20.500.12327/4374" metadataPrefix="marc">https://recercat.cat/oai/request</request><GetRecord><record><header><identifier>oai:recercat.cat:20.500.12327/4374</identifier><datestamp>2025-10-23T19:26:14Z</datestamp><setSpec>com_2072_4428</setSpec><setSpec>com_2072_4427</setSpec><setSpec>col_2072_487896</setSpec></header><metadata><record xmlns="http://www.loc.gov/MARC21/slim" xmlns:dcterms="http://purl.org/dc/terms/" xmlns:xsi="http://www.w3.org/2001/XMLSchema-instance" xmlns:doc="http://www.lyncode.com/xoai" xsi:schemaLocation="http://www.loc.gov/MARC21/slim http://www.loc.gov/standards/marcxml/schema/MARC21slim.xsd">
   <leader>00925njm 22002777a 4500</leader>
   <datafield ind2=" " ind1=" " tag="042">
      <subfield code="a">dc</subfield>
   </datafield>
   <datafield ind2=" " ind1=" " tag="720">
      <subfield code="a">Català, Mar</subfield>
      <subfield code="e">author</subfield>
   </datafield>
   <datafield ind2=" " ind1=" " tag="720">
      <subfield code="a">Almacellas, Jaume</subfield>
      <subfield code="e">author</subfield>
   </datafield>
   <datafield ind2=" " ind1=" " tag="720">
      <subfield code="a">Marín, Juan Pedro</subfield>
      <subfield code="e">author</subfield>
   </datafield>
   <datafield ind2=" " ind1=" " tag="720">
      <subfield code="a">Tomás, Núria</subfield>
      <subfield code="e">author</subfield>
   </datafield>
   <datafield ind2=" " ind1=" " tag="720">
      <subfield code="a">Martínez Eixarch, Maite</subfield>
      <subfield code="e">author</subfield>
   </datafield>
   <datafield ind2=" " ind1=" " tag="720">
      <subfield code="a">Pla Mayor, Eva</subfield>
      <subfield code="e">author</subfield>
   </datafield>
   <datafield ind2=" " ind1=" " tag="260">
      <subfield code="c">2010-07</subfield>
   </datafield>
   <datafield ind2=" " ind1=" " tag="520">
      <subfield code="a">La pyriculariosis del arroz, causada por el hongo Pyricularia grisea (Cooke) Sacc., es una enfermedad que provoca daños considerables en la zona arrocera del Delta del Ebro. El hongo puede infectar el cultivo en todos los estadios de crecimiento y también en las partes aéreas de la planta: hoja, nudo del tallo, cuello y panícula. El uso de variedades resistentes para el control de la enfermedad es un método económico y efectivo, pero esta resistencia puede verse modificada con la presencia en la zona de nuevas poblaciones de P. grisea de tipo virulento, por lo que esta herramienta se debe utilizar bajo un concepto dinámico.

El presente trabajo se centra en el estudio del comportamiento frente a P. grisea de un grupo de variedades de arroz cultivadas en el Delta del Ebro durante el período 2000-2008. El perfil varietal del Delta del Ebro durante este período ha ido variando constantemente y la mayoría de variedades principales que se han cultivado o se cultivan actualmente han presentado un comportamiento de tipo moderado frente a P. grisea.</subfield>
   </datafield>
   <datafield ind1="8" ind2=" " tag="024">
      <subfield code="a">Català, M. et al. (2010)." Reacción a "Pyricularia grisea" de las variedades más importantes de arroz cultivadas en el Delta del Ebro, durante el período 2000-2008", Phytoma, 220 (Jun/Jul 2010) p.48-60</subfield>
   </datafield>
   <datafield ind1="8" ind2=" " tag="024">
      <subfield code="a">http://hdl.handle.net/20.500.12327/4374</subfield>
   </datafield>
   <datafield tag="653" ind2=" " ind1=" ">
      <subfield code="a">Arròs -- Conreu -- Delta de l'Ebre -- Aspectes ambientals</subfield>
   </datafield>
   <datafield tag="653" ind2=" " ind1=" ">
      <subfield code="a">Arròs -- Malalties i plagues</subfield>
   </datafield>
   <datafield ind2="0" ind1="0" tag="245">
      <subfield code="a">Reacción a "Pyricularia grisea" de las variedades más importantes de arroz cultivadas en el Delta del Ebro, durante el período 2000-2008</subfield>
   </datafield>
</record></metadata></record></GetRecord></OAI-PMH>